000 00349 a2200109 4500
001 ART_11193
005 20260410161855.0
008 260409a
245 1 0 _aProgramas de ajuste económico, el papel de la política cambiaria
100 1 _aEmanuel M., Carlos J.
773 0 _tRevista de Economía
_g- Nº 37 (jun. 1983)
_wREV11077
999 _c25379
_d25379